[Event "TUR-chT 1st League"]
[Site "Denizli"]
[Date "2023.07.10"]
[Round "3.92"]
[White "Dalgar, Hakki Berat"]
[Black "Kurt, Mete Han"]
[Result "1-0"]
[WhiteElo "1968"]
[BlackElo "1485"]
[PlyCount "115"]
[EventDate "2023.07.09"]
[EventType "team-swiss"]
[EventRounds "9"]
[EventCountry "TUR"]
[SourceTitle "CBM 215 Extra"]
[Source "ChessBase"]
[SourceDate "2023.09.30"]
[SourceVersion "1"]
[SourceVersionDate "2023.09.30"]
[SourceQuality "1"]
[WhiteTeam "Karaman Saglik"]
[BlackTeam "Bogazici Universitesi"]
[WhiteTeamCountry "TUR"]
[BlackTeamCountry "TUR"]

1. Nh3 d5 2. g3 e5 3. f4 Nc6 4. fxe5 Nxe5 5. d4 Ng6 6. Bg2 Nf6 7. Nf4 Nxf4 8. Bxf4 Bd6 9. Bg5 Be7 10. Nc3 c6 11. Qd3 Be6 12. 0-0-0 Qd7 13. Bxf6 Bxf6 14. e4 dxe4 15. Nxe4 Be7 16. Nc3 0-0 17. Be4 f5 18. Bg2 Bf7 19. d5 c5 20. Rdf1 Bg6 21. h4 f4 22. Qc4 Bf6 23. Bh3 Qd6 24. Be6+ Kh8 25. gxf4 Bxc3 26. Qxc3 Rxf4 27. h5 Rxf1+ 28. Rxf1 Bxh5 29. Qh3 Bg6 30. Bf5 Rf8 31. Bxg6 Rxf1+ 32. Qxf1 hxg6 33. Qf3 Kg8 34. b3 g5 35. Kb1 Qf4 36. Qe2 Qf7 37. d6 Kf8 38. a4 Qd7 39. Qf2+ Ke8 40. Qxc5 g4 41. Qh5+ Kf8 42. Qe5 b6 43. Kc1 a6 44. Qd4 b5 45. a5 Kf7 46. Qf4+ Ke8 47. Kb1 Qe6 48. c4 Qe1+ 49. Kc2 b4 50. d7+ Kd8 51. Qg5+ Kxd7 52. Qxg4+ Ke8 53. Qxg7 Qe2+ 54. Kb1 Qd1+ 55. Ka2 Qd2+ 56. Qb2 Qd8 57. Qh8+ Kd7 58. Qxd8+ 1-0